Pokémon di tipo Buio parziale - Statistics

Statistiche generali
  • Questo quiz è stato fatto 8 volte
  • Il punteggio medio è 55 su 75
Statistiche sulle risposte
Numero Pokédex Nazionale Tipo Tipo Pokémon % Corretto
332 Erba Buio Cacturne
100%
318 Acqua Buio Carvanha
100%
633 Buio Drago Deino
100%
452 Veleno Buio Drapion
100%
430 Buio Volante Honchkrow
100%
229 Buio Fuoco Houndoom
100%
228 Buio Fuoco Houndour
100%
635 Buio Drago Hydreigon
100%
229 Buio Fuoco MegaHoundoom
100%
302 Buio Spettro MegaSableye
100%
319 Acqua Buio MegaSharpedo
100%
248 Roccia Buio MegaTyranitar
100%
20 Buio Normale Raticate (Forma di Alola)
100%
19 Buio Normale Rattata (Forma di Alola)
100%
302 Buio Spettro Sableye
100%
559 Buio Lotta Scraggy
100%
319 Acqua Buio Sharpedo
100%
275 Erba Buio Shiftry
100%
215 Buio Ghiaccio Sneasel
100%
434 Veleno Buio Stunky
100%
248 Roccia Buio Tyranitar
100%
629 Buio Volante Vullaby
100%
461 Buio Ghiaccio Weavile
100%
634 Buio Drago Zweilous
100%
625 Buio Acciaio Bisharp
80%
342 Acqua Buio Crawdaunt
80%
658 Acqua Buio Greninja
80%
658 Acqua Buio Greninja (Forma Ash)
80%
88 Veleno Buio Grimer (Forma di Alola)
80%
859 Buio Folletto Impidimp
80%
552 Terra Buio Krokorok
80%
553 Terra Buio Krookodile
80%
630 Buio Volante Mandibuzz
80%
146 Buio Volante Moltres (Forma di Galar)
80%
89 Veleno Buio Muk (Forma di Alola)
80%
198 Buio Volante Murkrow
80%
274 Erba Buio Nuzleaf
80%
624 Buio Acciaio Pawniard
80%
503 Acqua Buio Samurott (Forma di Hisui)
80%
551 Terra Buio Sandile
80%
560 Buio Lotta Scrafty
80%
435 Veleno Buio Skuntank
80%
717 Buio Volante Yveltal
80%
962 Volante Buio Bombirdier
60%
1002 Buio Ghiaccio Chien-Pao
60%
1004 Buio Fuoco Chi-Yu
60%
861 Buio Folletto Grimmsnarl
60%
861 Buio Folletto Grimmsnarl Gigamax
60%
720 Psico Buio Hoopa (Libero)
60%
727 Fuoco Buio Incineroar
60%
686 Buio Psico Inkay
60%
264 Buio Normale Linoone (Forma di Galar)
60%
687 Buio Psico Malamar
60%
130 Acqua Buio MegaGyarados
60%
860 Buio Folletto Morgrem
60%
211 Buio Veleno Qwilfish (Forma di Hisui)
60%
442 Spettro Buio Spiritomb
60%
1003 Buio Terra Ting-Lu
60%
892 Lotta Buio Urshifu Gigamax (Stile Singolcolpo)
60%
892 Lotta Buio Urshifu (Stile Singolcolpo)
60%
1001 Buio Erba Wo-Chien
60%
263 Buio Normale Zigzagoon (Forma di Galar)
60%
799 Buio Drago Guzzlord
40%
983 Buio Acciaio Kingambit
40%
920 Coleottero Buio Lokix
40%
1005 Drago Buio Lunaruggente
40%
877 Elettro Buio Morpeko (Motivo Panciapiena)
40%
877 Elettro Buio Morpeko (Motivo Panciavuota)
40%
862 Buio Normale Obstagoon
40%
675 Lotta Buio Pangoro
40%
893 Buio Erba Zarude
40%
993 Buio Volante Colloferreo
20%
986 Erba Buio Fungofurioso
20%
908 Erba Buio Meowscarada
20%
904 Buio Veleno Overqwil
20%
Nessun quiz corrispondente trovato
Distribuzione punteggi
Percentuale di utenti per punteggio
Percentile per numero di risposta
I tuoi punteggi nel tempo
Non hai fatto questo quiz